Light (Record no. 15810)

000 -LEADER
fixed length control field 00520nam a22002051 4500
001 - CONTROL NUMBER
control field 15810
003 - CONTROL NUMBER IDENTIFIER
control field BD-DhUET
008 - FIXED-LENGTH DATA ELEMENTS--GENERAL INFORMATION
fixed length control field 921020s1963 enk 000 0 eng d
040 ## - CATALOGING SOURCE
Original cataloging agency DLC
Transcribing agency DLC
Modifying agency BD-DhUET
082 ## - DEWEY DECIMAL CLASSIFICATION NUMBER
Classification number 535
Item number DIT/1963
100 1# - MAIN ENTRY--PERSONAL NAME
Personal name Ditchburn, R. W.
245 10 - TITLE STATEMENT
Title Light
250 ## - EDITION STATEMENT
Edition statement 2nd ed.
260 ## - PUBLICATION, DISTRIBUTION, ETC. (IMPRINT)
Place of publication, distribution, etc. London
Name of publisher, distributor, etc. Blackie & Son
Date of publication, distribution, etc. 1963
300 ## - PHYSICAL DESCRIPTION
Extent xii, 833 p.
Other physical details ill.
490 ## - SERIES STATEMENT
Series statement Titles in the E. L. B. S. Low-Priced textbook series
504 ## - BIBLIOGRAPHY, ETC. NOTE
Bibliography, etc Includes bibliographies
650 #0 - SUBJECT ADDED ENTRY--TOPICAL TERM
Topical term or geographic name as entry element Light
942 ## - ADDED ENTRY ELEMENTS (KOHA)
Koha item type General Book
Holdings
Location (home branch) Koha normalized classification for sorting Not for loan Sublocation or collection (holding branch) Piece designation (barcode) Damaged status Koha item type Date acquired Koha full call number Source of classification or shelving scheme Copy number Price effective from Shelving location Koha date last seen Lost status Withdrawn status
Central Library, BUET535_000000000000000_DIT_1963 Central Library, BUET13453 General Book2015-03-15535/DIT/1963 12015-03-15Circulation section2015-03-15  
Central Library, BUET535_000000000000000_DIT_1963 Central Library, BUET13450 General Book2015-03-19535/DIT/1963 22015-03-19Circulation section2015-03-19  
Central Library, BUET535_000000000000000_DIT_1963 Central Library, BUET20826 General Book2015-03-19535/DIT/1963 32015-03-19Circulation section2015-03-19  
Central Library, BUET535_000000000000000_DIT_1963 Central Library, BUET16978 General Book2015-03-21535/DIT/1963 42015-03-21Circulation section2015-03-21  
Central Library, BUET535_000000000000000_DIT_1963 Central Library, BUET13451 General Book2015-03-21535/DIT/1963 52015-03-21Circulation section2015-03-21  
Central Library, BUET535_000000000000000_DIT_1963 Central Library, BUET20825 General Book2015-03-21535/DIT/1963 62015-03-21Circulation section2015-03-21  
Central Library, BUET535_000000000000000_DIT_1963 Central Library, BUET5241 General Book2015-03-21535/DIT/1963 72015-03-21Circulation section2015-03-21  
Central Library, BUET535_000000000000000_DIT_1963 Central Library, BUET13452 General Book2015-03-21535/DIT/1963 82015-03-21Circulation section2015-03-21